MALAYSIAN foreign policy : Issues and perspectives

Bibliographic Details
Corporate Author: Institut Tadbiran Awam Negara (INTAN)
Other Authors: Howell 1940-, Okuda
Format: Book
Published: Kuala Lumpur : Institut Tadbiran Awam Negara , 1990
Subjects:

MARC

LEADER 00000cam a2200000 7i4500
001 0000000658
005 20000919.0
020 0 0 |a 9679933059 
090 0 0 |a 327.109595   |b MAL 1990 
245 0 0 |a MALAYSIAN foreign policy :   |b Issues and perspectives   |c editors, Mohammed Azhari Karim, Llewellyn D. Howell, Grace Okuda 
260 0 0 |a Kuala Lumpur :   |b Institut Tadbiran Awam Negara ,   |c 1990 
300 |a 134 p. ;   |c 21 cm. 
500 0 0 |a Includes bibliographical references 
650 0 0 |a International relations 
651 0 0 |a Malaysia   |x Foreign relations 
651 0 0 |a Malaysia   |x Foreign relations administration 
651 0 0 |a Malaysia   |x National security 
700 0 1 |a Howell   |h Llewellyn Donald ,   |c 1940- 
700 0 1 |a Okuda   |h Grace 
710 1 1 |a Institut Tadbiran Awam Negara (INTAN) 
999 |a 0000000138   |b Monograph   |c Open Shelf   |e Default branch